Films avec Helena Bonham Carter par images - Statistiques

Statistiques générales
  • Ce quiz a été pris 346 fois
    216 depuis la dernière actualisation
  • Le résultat moyen est 7 sur 20
Statistiques - réponses
Par images Réponse % Correct
Harry Potter et l’Ordre du Phénix
99%
Alice au Pays des Merveilles
87%
Charlie et la Chocolaterie
75%
Fight Club
50%
Cendrillon
49%
Le Discours d'un Roi
45%
Enola Holmes
40%
Sweeney Todd : Le Diabolique Barbier de Fleet Street
40%
Dark Shadows
33%
Les Suffragettes
33%
Ocean's 8
29%
Big Fish
21%
Les Misérables
14%
Frankenstein
12%
Lone Ranger, naissance d'un héros
11%
Une vie
10%
55 Steps
6%
Retour à Howards End
6%
De grandes espérances
3%
Maudite Aphrodite
3%
Aucun quiz correspondant
Distribution des résultats
% des personnes avec chaque résultat
Percentile par nombre de réponses
Votre historique - résultats
Vous n’avez pas pris ce quiz depuis la dernière actualisation